000 02818cam a2200337 a 4500
999 _c127829
_d127829
001 14553514
003 ARRUPE
005 20180328110116.0
008 060915s2006 dcua bs i000 0 eng d
010 _a 2006283019
020 _a1589065204
020 _a9781589065208
035 _a(OCoLC)ocm70144006
040 _aGHG
_cGHG
_dBAKER
_dDLC
042 _alccopycat
050 0 0 _aHC60
_b.M34 2006
082 0 0 _a338.91
_222
245 0 4 _aThe macroeconomic management of foreign aid :
_bopportunities and pitfalls /
_ceditors, Peter Isard ... [et al.].
260 _aWashington, D.C. :
_bInternational Monetary Fund,
_c2006.
300 _avi, 280 p. :
_bill. ;
_c23 cm.
500 _a"Papers prepared for the seminar, which was hosted in Maputo by the Government of Mozambique during March 2005"--Foreword, p. iii.
504 _aIncludes bibliographical references.
505 0 0 _tForeign aid and macroeconomic management: overview and synopsis of key lessons /
_rPeter Isard ... [et al.] --
_gSession I.
_tAid, growth, and poverty reduction: what should aid be trying to achieve? How good is the record?
_tAid and growth: the current debate and some new evidence /
_rSteven Radelet, Michael Clemens, and Rikhil Bhavnani --
_tAid, growth, and poverty /
_rAart Kraay --
_gSession II.
_tAid absorption: recognizing and avoiding macroeconomic hazards.
_tAnalytical overview of aid absorption: recognizing and avoiding macroeconomic hazards /
_rDavid L. Bevan --
_tHigh aid inflows: the case of Ghana /
_rShekhar Aiyar ... [et al.] --
_tAbsorptive capacity and achieving the MDGs: the case of Ethiopia /
_rMark Sundberg and Hans Lofgren --
_gSession III.
_tDutch disease: where do we stand?
_tExogenous inflows and real exchange rates: theoretical quirk or empirical reality? /
_rChristopher Adam --
_gSession IV.
_tAid, volatility, and stabilization policy: does aid smooth absorption or exacerbate shocks? Reliability and countercyclicality.
_tVolatility of development aid: unpleasant bean counting /
_rAles̆ Bulír̆ and A. Javier Hamann --
_gSession V.
_tAid, debt, and fiscal policy.
_tDebt and new financing in low-income countries: looking back, thinking ahead /
_rChristina Daseking and Bikas Joshi --
_gSession VI.
_tRoles of aid, governance, and the political economy.
_tAid, governance, and the poltical economy: growth and institutions /
_rSimon Johnson and Arvind Subramanian.
650 0 _aEconomic assistance
_vCongresses.
_941162
650 0 _aPoverty
_vCongresses.
_941163
650 0 _aFiscal policy
_vCongresses.
_941164
650 0 _aForeign exchange rates
_vCongresses.
_941165
700 1 _aIsard, Peter.
_941166
710 2 _aInternational Monetary Fund.
_926656
906 _a7
_bcbc
_ccopycat
_d2
_encip
_f20
_gy-gencatlg
942 _2lcc
_cMONOGRAPH